000 00639nam a2200181Ia 4500
008 151018s9999 xx 000 0 und d
082 _bRBASDV51257
_a922.943
100 _aदिनेश सिंह चौहान
245 _aभगवान गौतम बुध्द
250 _b1
260 _bदेवपुस्तक मंदिर
_c2010
300 _a60
600 _aदिनेश सिंह चौहान
630 _aभगवान गौतम बुध्द
700 _aदिनेश सिंह चौहान
730 _aभगवान गौतम बुध्द
942 _cBOOK
999 _c1050149
_d1050146